| 000 | 00436cam a2200157ua 4500 | ||
|---|---|---|---|
| 003 | OSt | ||
| 008 | 220924b |||||||| |||| 00| 0 eng d | ||
| 020 | _a81-203-1729-7 | ||
| 041 | _aeng | ||
| 082 |
_a631.587 _bDIL/IR |
||
| 100 |
_aMajumdar, Dilip Kumar. _95259 |
||
| 245 | _aIrrigation water management : principles and practices / | ||
| 260 |
_aNew Delhi : _bPrentice Hall of India Pvt Ltd. , _c2002. |
||
| 300 | _a487 ; . | ||
| 942 | _cBK | ||
| 999 |
_c559 _d559 |
||